|
|
|
|
| LEADER |
01474nam a2200385Ia 4500 |
| 001 |
EBC266326 |
| 003 |
MiAaPQ |
| 005 |
20200520144314.0 |
| 006 |
m o d | |
| 007 |
cr cn||||||||| |
| 008 |
010306s2006 oncb sb 000 0 eng d |
| 020 |
|
|
|z 1552502201
|
| 035 |
|
|
|a (MiAaPQ)EBC266326
|
| 035 |
|
|
|a (Au-PeEL)EBL266326
|
| 035 |
|
|
|a (CaPaEBR)ebr10120520
|
| 035 |
|
|
|a (CaONFJC)MIL71820
|
| 035 |
|
|
|a (OCoLC)144077698
|
| 040 |
|
|
|a MiAaPQ
|c MiAaPQ
|d MiAaPQ
|
| 050 |
|
4 |
|a HC415.3
|b .H247 2006
|
| 082 |
0 |
4 |
|a 338.900953
|2 21
|
| 100 |
1 |
|
|a Hamadeh, Shadi.
|
| 245 |
1 |
0 |
|a Research for development in the dry Arab Region
|h [electronic resource] :
|b the cactus flower /
|c Shadi Hamadeh, Mona Haidar and Rami Zurayk.
|
| 246 |
3 |
0 |
|a Cactus flower
|
| 260 |
|
|
|a Ottawa, Ont. :
|b International Development Research Centre,
|c c2006.
|
| 300 |
|
|
|a xvii, 123 p. :
|b map.
|
| 504 |
|
|
|a Includes bibliographical references (p. 117-123).
|
| 533 |
|
|
|a Electronic reproduction. Ann Arbor, MI : ProQuest, 2015. Available via World Wide Web. Access may be limited to ProQuest affiliated libraries.
|
| 650 |
|
0 |
|a Economic history.
|
| 651 |
|
0 |
|a Arabian Peninsula
|x Economic conditions
|x Research.
|
| 655 |
|
4 |
|a Electronic books.
|
| 700 |
1 |
|
|a Haidar, Mona.
|
| 700 |
1 |
|
|a Zurayk, Rami.
|
| 710 |
2 |
|
|a International Development Research Centre (Canada)
|
| 710 |
2 |
|
|a ProQuest (Firm)
|
| 856 |
4 |
0 |
|u https://ebookcentral.proquest.com/lib/matrademy/detail.action?docID=266326
|z Click to View
|